000 00616nai a2200181Ia 4500
003 IN-BaIIA
008 211028c9999 xx s 000 0 eng d
022 _a0887-624X (Print)
022 _a1099-0518 (Online)
040 _cIIA Library
245 0 _aJournal of Polymer Science Part A: Polymer Chemistry
_h[eJournal]
260 _aNew Jersey
_bJohn Wiley & Sons
310 _aSemi-monthly
362 _a34(1); 1996 - Present
521 _bSubscribed through National Knowledge Resource Consortium (NKRC)
856 _uhttps://onlinelibrary.wiley.com/journal/10990518
_yClick Here to Access eJournal
942 _cEJ
999 _c35191
_d35191